000 01651cam a2200361 i 4500
001 000002125
003 DO-SdBNP
005 20260316142055.0
007 ta
008 001108s2000 sw a b 100 0 eng
020 _a9185894567
040 _aDO-SdBNP
_bspa
_cBNPHU
_erda
041 1 7 _aspa
082 4 _a331.1485
_bS974g
_222
111 2 _aSwedish-Guatemalan Seminar on Consensus-Building, Governance, and Democracy
_d(1998 :
_cGuatemala, Guatemala)
_96809
245 1 0 _aProceedings from the Swedish-Guatemalan Seminar on Consensus-Building, Governance, and Democracy, December 1, 1998, Guatemala City =
_bActas del Seminario Sueco-Guatemalteco Construyendo Consenso, Gobernabilidad y Democracia, 1 de diciembre 1998, Ciudad de Guatemala /
_ceditores, Åke Magnusson, Rune Rydén.
246 3 0 _aConsensus-building, governance, and democracy
246 3 0 _aConstruyendo consenso, gobernabilidad y democracia
264 1 _aStockholm :
_bLAIS/NIR,
_c2000.
300 _a287 páginas :
_bilustraciones ;
_c24 cm.
336 _atexto
_btxt
_2rdacontent
337 _asin mediación
_bn
_2rdamedia
338 _avolumen
_bnc
_2rdacarrier
490 1 _aMonograf
_v34
500 _aIncluye referencias bibliográficas
650 4 _aMercado de trabajo
_zSuecia
_vCongresos, conferencias, etc.
_919058
650 4 _aRelaciones industriales
_zSuecia
_vCongresos, conferencias, etc.
_96812
650 4 _aMercado de trabajo
_zGuatemala
_vCongresos, conferencias, etc.
_919058
650 4 _aRelaciones industriales
_zGuatemala
_vCongresos, conferencias, etc.
_96814
700 1 _aMagnusson, Åke
_d1943-
_96815
700 1 _aRydén, Rune
_96816
942 _2ddc
_cLBS1
999 _c1978
_d1978